000 00299nam a22001337a 4500
008 170907b xxu||||| |||| 00| 0 eng d
020 _a9789951550154
041 _aalb
080 _a72
100 _a41
101 _aARK
245 _aMODERNIZMI NĂ‹ FERIZAJ, 1960-1990
_cELEZI,K
942 _2udc
_cBK
999 _c26461
_d26461